1567 1620 1751 1801 1309 1193 1684 1034 1359 1982 1546 1717 1513 1640 1476 1756 1359 1326 1050 1040 1263 1722 1328 1447 1413 1110 1723 1937 1734 1272 1191 1252 1403 1662 1706 1814 1935 1917 1291 1950 1792 1665 1887 1750 1178 1830 1049 1921 1661 1907 1284 1336 1257 1481 1616 1253 1490 1922 1520 1997 1692 1067 1908 1194 1571 1937 1822 1073 1526 1628 1986 1550 1800 1853 1141 1017 1675 1575 1072 1152 1871 1498 1361 1771 1126 1029 1279 1588 1049 1398 1290 1025 1500 1548 1369 1216 1788 1932 1285 BCNSPRNW ULIB Ver.6.0+V

เปลี่ยนเป็นภาษาไทย

Change to English
 แสดงรายละเอียดบรรณานุกรม
  กลับหน้าหลัก

Brief Record : Get Marc (ISO 2709) : E-mail record : QR code < ปิดหน้าต่าง
LEADER : 00000nam 2200000uu 4500
001    13399111058
003     ULIB
008    110615s||||||||th 000 0 tha d
020    9744894482
020    9789744894489
050  4 BF441^bก111ก 2549
100 0  เกรียงศักดิ์ เจริญวงศ์ศักดิ์
245 10 การคิดเชิงมโนทัศน์ =^bConceptual thinking /^cเกรียงศักดิ์ เจริญวงศ์ศักดิ์
246 31 Conceptual thinking
250    พิมพ์ครั้งที่ 7
260    กรุงเทพฯ :^bซัคเซส มีเดีย,^c2549
300    xvii, 195 หน้า :^bภาพประกอบ ;^c23 ซม.
440  0 หนังสือชุด "ผู้ชนะ 10 คิด"
650  7 ความคิดรวบยอด
650  7 ความคิดและการคิด
945    ^p150^l0^i021518
945    ^p150^l0^i021519
995    ทศพร
999 ^a ใช้งานได้ทุกระบบ
รายการนี้ยังไม่มีแท็ก
คุณยังไม่ได้ล็อกอิน คุณสามารถมีกิจกรรมร่วมกับเว็บไซต์ได้ แต่ต้องล็อกอินก่อน ::
  ล็อกอิน

รายการสื่อสารสนเทศ

ลำดับที่ ประเภท เลขเรียก/บาร์โค้ด สถานที่ สถานะ
- ไม่พบข้อมูล -

รายการใกล้เคียง
    ผู้แต่ง [เกรียงศักดิ์ เจริญวงศ์ศักดิ์]

    หัวเรื่อง [ความคิดรวบยอด]
    หัวเรื่อง [ความคิดและการคิด]

BibComment


ยังไม่เคยถูกคอมเมนท์

คอมเมนท์ทรัพยากรรายการนี้
  คอมเมนท์: การคิดเชิงมโนทัศน..


 Copyright 2026. Bcnsprnw @Library